| 000 | 00513nam a22001817a 4500 | ||
|---|---|---|---|
| 003 | OSt | ||
| 005 | 20250519154413.0 | ||
| 008 | 250519b |||||||| |||| 00| 0 eng d | ||
| 020 | _a978-93-6254-182-6 | ||
| 040 | _cSBCL | ||
| 082 |
_a894.8123 _bMAD-R |
||
| 100 | _aMadhavikkutty | ||
| 245 | _aRajavinte Premabhajanam | ||
| 260 |
_aKottayam _bDC Books _c2024 |
||
| 300 | _a158p. | ||
| 650 |
_2Literature & rhetoric _aLiteratures of other languages _vAltaic, Uralic, Hyperborean & Dravidian |
||
| 942 | _cBOOK | ||
| 999 |
_c136929 _d136929 |
||